000 00668nam a2200217 a 4500
005 20210219153043.0
008 991125n 000 0 u
035 _aUPN01000074872
100 _aPostma, Albert
222 _aJOURNAL OF SPEECH, LANGUAGE, AND HEARING RESEARCH
245 _aThe effects of noise masking and required accuracy on speech errors, disfluencies, and self-repairs
300 _a537-544
362 _a35, No. 3, 1992
505 _aEnero 1993
653 0 _aANALISIS DEL ERROR (LENGUAJE)
653 0 _aCOMUNICACION HABLADA
653 0 _aTRASTORNOS DEL LENGUAJE
700 _aKolk, Herman
904 _aAC
_b012683
905 _aArticulo
999 _c67193
_d67193